English Premier League Top 6 - Statistics

General Stats
  • This quiz has been taken 1,037 times
    752 since last reset
  • The average score is 17 of 21
Answer Stats
Team # % Correct
Arsenal 29
100%
Liverpool 27
100%
Manchester United 30
100%
Chelsea 27
99%
Manchester City 16
99%
Tottenham Hotspur 15
98%
Leicester City 3
96%
Newcastle United 10
96%
Aston Villa 11
95%
Everton 7
89%
Blackburn Rovers 6
87%
Leeds United 7
87%
West Ham United 2
87%
Nottingham Forest 1
81%
Brighton & Hove Albion 1
80%
Southampton 1
78%
Norwich City 1
69%
Ipswich Town 1
58%
Queens Park Rangers 1
57%
Bolton Wanderers 1
51%
Wimbledon 1
40%
No matching quizzes found
Score Distribution
Percent of People with Each Score
Percentile by Number Answered
Your Score History
You have not taken this quiz since the last reset